• 首页
  • 本馆介绍
  • 公告通知
  • 最新文献
  • 馆藏检索
  • 电子资源
  • 读者导购
  • 参考咨询
  • 我的图书馆
  • 登录
  • 详细信息显示
  • 放入我的书架
  • 预约/预借图书
  • 作者相关作品
  • 分类相关作品
  • 丛书相关作品
  • 出版社相关作品

书目信息

  • 表格格式
  • 工作单格式
  • 卡片格式
题名:
澳洲坚果病虫原色图谱
    
 
作者: 王文林 主编
分册:  
出版信息: 北京   中国农业出版社  2020.05
页数: 112页
开本: 24cm
丛书名:
单 册:
中图分类: S436.64-64
科图分类:
主题词: 澳洲坚果--ao zhou jian guo--病虫害防治--图谱
电子资源:
ISBN: 978-7-109-26818-0
000 00846nam0 2200241 450
001 0109110235
005 20201109110340.0
010    @a978-7-109-26818-0@dCNY60.00
100    @a20200911d2020 em y0chiy50 ea
101 0  @achi
102    @aCN@b110000
105    @aa z 000yy
106    @ar
200 1  @a澳洲坚果病虫原色图谱@Aao zhou jian guo bing chong yuan se tu pu@f王文林[等]主编
210    @a北京@c中国农业出版社@d2020.05
215    @a112页@d24cm
304    @a主编还有:陈海生、周祥、谢昌平
330    @a本书主要介绍澳洲坚果病虫害,虫害主要介绍危害特点、形态特征、生活习性以及防治技术;病害着重介绍症状、病原、发病规律以及防治技术。
606 0  @a澳洲坚果@Aao zhou jian guo@x病虫害防治@j图谱
690    @aS436.64-64@v5
701  0 @a王文林@Awang wen lin@4主编
801  0 @aCN@bBJSZM@c20201103
905    @b1241563-6@dS436.64-64@e208@f4
    
    澳洲坚果病虫原色图谱/王文林[等]主编.-北京:中国农业出版社,2020.05
    112页;24cm
    
    
    ISBN 978-7-109-26818-0:CNY60.00
    本书主要介绍澳洲坚果病虫害,虫害主要介绍危害特点、形态特征、生活习性以及防治技术;病害着重介绍症状、病原、发病规律以及防治技术。
●
相关链接 在E读中查询图书 在五车中查询图书 在当当中查询图书 在豆瓣中查询图书


正题名:澳洲坚果病虫原色图谱     索取号:S436.64-64/208         预约/预借

序号 登录号 条形码 馆藏地/架位号 状态 备注
1 1241563   212415634   第二样本阅览室/ [索取号:S436.64-64/208] 在馆    
2 1241564   212415643   第三借阅区/ [索取号:S436.64-64/208] 在馆    
3 1241565   212415652   第三借阅区/ [索取号:S436.64-64/208] 在馆    
4 1241566   212415661   第三借阅区/ [索取号:S436.64-64/208] 在馆    
唐山师范学院图书馆 欢迎您!
大连网信软件有限公司© 版权所有